01420nam a2200301 a 4500003000900000005001700009008003400026020001800060040002400078082003000102245011500132246009000247260003900337300002200376490001600398500007400414590002600488650007600514650007800590650007900668651007200747651004900819710007300868910001100941942001200952952013700964999001701101DO-SdBNP20210805101116.0180322s2015 dr 000 spa d a9789945590289 aBPMSU bspacBPMSU  a321.97293bV145c 2015222 0a50 Años de construcción democrática República Dominicana de 1961-2011 /ccoordinador Julían Valdés13aCincuenta años de construcción democrática República Dominicana de 1961-2011  aSanto Domingo :bFUNGLODE, c2015. a182 p. ;c24 cm. 0 aPolítica  aIncluye referencias bibliográficas y notas al pie de las páginas  6Inventariado, 2021/VM 4aDemocracia zRepública Dominicana xCongresos, conferencias, etc. 2  4aDerechos civiles zRepública DominicanavCongresos, conferencias, etc.  4aDesarrollo social zRepública DominicanavCongresos, conferencias, etc.  4aRepública Dominicana x Política y gobierno.  4aRepública Dominicana xPolítica social 2 aFundación Global Democracia y Desarrollo (República Dominicana ) aVMateo 2ddccBK 00102ddc40708CDaBPMETbBPMETd2021-08-05eFUNGLODEl0oBPMSU CD 321.97293 V145c 2015pBPMSU21080014r2021-08-05w2021-08-05yBK c13622d13622